[Event "SVR-op"]
[Site "Heimbach Weis"]
[Date "2017.04.13"]
[Round "5"]
[White "Klemens, Martina"]
[Black "Wohde, Guenter"]
[Result "1-0"]
[WhiteElo "1510"]
[BlackElo "1086"]
[PlyCount "45"]
[EventDate "2017.04.08"]
[EventType "swiss"]
[EventRounds "7"]
[EventCountry "GER"]
[SourceTitle "EXT 2020"]
[Source "ChessBase"]
[SourceDate "2019.10.17"]
[SourceVersion "1"]
[SourceVersionDate "2019.10.17"]
[SourceQuality "1"]

1. e4 e5 2. Nf3 d6 3. Bc4 f5 4. exf5 Bxf5 5. d3 Be7 6. Nc3 Nd7 7. 0-0 c6 8. a4 h6 9. Re1 Bg4 10. h3 Bh5 11. Be6 Ndf6 12. Ne4 Nd5 13. Ng3 Bg6 14. Nh2 h5 15. Qf3 Ngf6 16. Nf5 Bf8 17. Bg5 Bf7 18. Bxf7+ Kxf7 19. d4 Qa5 20. c3 e4 21. Rxe4 Nxe4 22. Nh6+ Kg6 23. Qf5# 1-0